000 01368nam a22002537a 4500
003 Uzh_bibl
008 260427b |||||||| |||| 00| 0 ukr d
020 _a978-617-7418-33-6
_c100.80
040 _bукр.
041 _2ukr
_aukr
080 _a821.161.2
090 _a821.161.2
_bЛ 72
100 _aЛойко, Сергій
245 _aРейс
_hТекст
260 _aКиїв
_bБрайт Стар Паблішинг
_c2017
300 _a432 с.
520 _aВ основі роману-трилера Сергія Лойка «Рейс» лежать реальні події. Посеред кривавої війни, розв’язаної Росією, головний герой Сергій Альохін спочатку самостійно, а потім із допомогою американської журналістки розслідує обставини загибелі своєї родини – дружини і двох маленьких доньок, що летіли в пасажирському «Боїнгу», збитому над Донбасом.
521 _aДля широкого кола читачів
546 _aукр.
650 _aЛітературно-художнє видання
653 _aВійна
_aБандити
655 _aТрилер
_vРоман
942 _2udc
_cBK
999 _c17523
_d17523